[Event "Veliko Gradiste Silver Lake op-A"]
[Site "Veliko Gradiste"]
[Date "2021.06.24"]
[Round "3"]
[White "Rolic, Gojko"]
[Black "Abramovic, Bosko"]
[Result "0-1"]
[WhiteElo "2118"]
[BlackElo "2334"]
[PlyCount "100"]
[EventDate "2021.06.23"]
[EventType "swiss"]
[EventRounds "9"]
[EventCountry "SRB"]
[SourceTitle "EXT 2022"]
[Source "ChessBase"]
[SourceDate "2021.10.06"]
[SourceVersion "1"]
[SourceVersionDate "2021.10.06"]
[SourceQuality "1"]

1. Nf3 Nf6 2. c4 e6 3. Nc3 d5 4. e3 g6 5. d4 Bg7 6. Bd2 0-0 7. Rc1 Nbd7 8. cxd5 Nxd5 9. Be2 c6 10. 0-0 Qe7 11. Qb3 Re8 12. e4 Nc7 13. Rfe1 e5 14. Bg5 Bf6 15. Bxf6 Qxf6 16. d5 Nb6 17. Nd2 Rd8 18. Na4 Nxa4 19. Qxa4 Bd7 20. Qb4 Rdb8 21. Nf3 Bg4 22. Qc3 Bxf3 23. Qxf3 Qxf3 24. Bxf3 Nb5 25. dxc6 bxc6 26. Bg4 Nd4 27. b3 a5 28. Rc4 Rb4 29. Rec1 Kf8 30. g3 Ke7 31. Bd1 Kd6 32. Kg2 Rab8 33. h4 Rxc4 34. Rxc4 Rb4 35. Rc3 c5 36. Kf1 h6 37. Ke1 f5 38. h5 gxh5 39. exf5 Nxf5 40. Bxh5 Nd4 41. Bd1 Rb8 42. Rc4 Rb4 43. Rc3 Kd5 44. g4 Rb6 45. Kf1 a4 46. Ke1 a3 47. Kf1 Rb4 48. Rh3 Rb6 49. Rc3 Rf6 50. Ke1 e4 0-1

[Event "Veliko Gradiste Silver Lake op-A"]
[Site "Veliko Gradiste"]
[Date "2021.06.23"]
[Round "1"]
[White "Damljanovic, Branko"]
[Black "Rolic, Gojko"]
[Result "0-1"]
[WhiteElo "2501"]
[BlackElo "2118"]
[PlyCount "62"]
[EventDate "2021.06.23"]
[EventType "swiss"]
[EventRounds "9"]
[EventCountry "SRB"]
[SourceTitle "CBM 203 Extra"]
[Source "ChessBase"]
[SourceDate "2021.09.30"]
[SourceVersion "1"]
[SourceVersionDate "2021.09.30"]
[SourceQuality "1"]

1. d4 d5 2. c4 c6 3. Nf3 Nf6 4. Nc3 e6 5. e3 Be7 6. Bd3 dxc4 7. Bxc4 b5 8. Bd3 b4 9. Na4 Ba6 10. e4 Bxd3 11. Qxd3 Qa5 12. b3 Nbd7 13. 0-0 Qb5 14. Qc2 Rc8 15. Bg5 0-0 16. Rac1 h6 17. Bh4 Qh5 18. Rfd1 g5 19. Bg3 Qg6 20. Ne5 Nxe5 21. dxe5 Nxe4 22. Rd7 Nxg3 23. hxg3 Bd8 24. Qxg6+ fxg6 25. Rxa7 Rf5 26. Rc5 g4 27. Rb7 Bg5 28. Nb6 Rcf8 29. Nd7 Rxf2 30. Nxf8 Be3 31. Rc4 Rf5+ 0-1

[Event "Vojvodina-chT"]
[Site "Sremska Mitrovica"]
[Date "2006.09.22"]
[Round "1"]
[White "Petrekanovic, Miroslav"]
[Black "Rolic, Gojko"]
[Result "0-1"]
[WhiteElo "2105"]
[BlackElo "2187"]
[PlyCount "78"]
[EventDate "2006.09.22"]
[EventType "team"]
[EventRounds "9"]
[EventCountry "YUG"]
[SourceTitle "CBM 114 Extra"]
[Source "ChessBase"]
[SourceDate "2006.11.03"]
[SourceVersion "1"]
[SourceVersionDate "2006.11.03"]
[SourceQuality "1"]

1. d4 d5 2. c4 c6 3. Nf3 Nf6 4. Nc3 e6 5. cxd5 exd5 6. Bg5 h6 7. Bf4 Ne4 8. e3 Bd6 9. Bxd6 Nxd6 10. Bd3 f5 11. Ne5 0-0 12. h4 Nd7 13. Ng6 Re8 14. Nf4 Nf6 15. Qc2 Bd7 16. 0-0-0 b5 17. Kb1 a5 18. Rc1 a4 19. Nd1 Qa5 20. Ng6 Nc4 21. Bxc4 dxc4 22. a3 Be6 23. Nf4 Bd7 24. Qc3 Qc7 25. Qb4 Ne4 26. f3 c5 27. Qe1 Nf6 28. d5 Rad8 29. Nc3 b4 30. Nd1 c3 31. bxc3 bxa3 32. c4 Rb8+ 33. Ka2 Rb3 34. Rc3 Reb8 35. Nd3 Qb6 36. Qd2 Rxc3 37. Nxc3 Qb3+ 38. Ka1 Qxc4 39. Rc1 Rb3 0-1